Responses for show #2922 - Tuesday, April 22, 1997

Contestants

[<< previous game]

Pam Storm, a lawyer from Hingham, Massachusetts

Jonathan Matte, a mathematics instructor from Meriden, Connecticut

Michael Steele, a medical secretary from Chicago, Illinois (whose 1-day cash winnings total $10,500)

[next game >>]

Jeopardy! Round responses

WORLD HISTORY
STATE FLAGS
AUTHORS' RHYME TIME
SCIENCE
NUTS
CANTANTES
(Alex: A category devoted to Latin singers)
    $100 3
Poland

Jonathan
    $100 16
Florida

Michael
    $100 1
Walt's faults

Michael
    $100 26
(J: What is the core?)

Crust

JonathanPam
    $100 21
Pistachios

Michael
    $100 7
Iglesias

Michael
    $200 4
Egypt

Michael
    $200 17
Colorado

Michael
    $200 2
Harriet's lariats

Jonathan
    $200 27
Fallopian tubes

Pam
    $200 22
Coconut

Pam
    $200 8
Los Lobos

Michael
    $300 5
Frederick the Great

Triple Stumper
    $300 18
Big Dipper

Michael
    $300 13
Carroll's barrels

Michael
    $300 28
(P: What is vinyl?)

Neoprene

Pam
Triple Stumper
    $300 23
(J: What is the Dutch Elm?)

Chestnut

JonathanPam
    $300 9
Gloria Estefan

Michael
    $400 6
Ivan the Terrible

Pam
    $500 19
South Carolina

Michael
    $400 14
Dreiser's geysers

Jonathan
    $400 29
(M: What is Explorer?)

Galileo

Michael
Triple Stumper
    $400 24
Brazil nuts

Michael
    $400 10
Jon Secada

Triple Stumper
    $500 12
Ponce de Leon

Jonathan
    $500 20
Wyoming

Michael
    $500 15
Bunyan's onions

Jonathan
    $500 30
Comet

Pam
    $500 25
Cashew

Pam
    $500 11
Jose Feliciano

Michael

Scores at the first commercial break (after clue 15):

Michael Jonathan Pam
$1,700 $1,700 $400

Scores at the end of the Jeopardy! Round:

Michael Jonathan Pam
$3,400 $1,300 $1,900

Double Jeopardy! Round responses

ANCIENT COUNTRIES
MEDICINE
FAMOUS NAMES
DRAMA
COLLEGES & UNIVERSITIES
VEGAS MOVIES
    $200 11
(J: Who was Philip?)

Alexander the Great

JonathanPam
    $200 22
White blood cells

Jonathan
    $200 17
Daniel Boone

Pam
    $200 12
Cat on a Hot Tin Roof

Michael
    $200 6
Massachusetts Institute of Technology

Michael
    $200 1
Martin Scorsese

Michael
    $400 28
Golden Fleece

Jonathan
    $400 23
Dr. Benjamin Spock

Pam
    $400 18
Francois "Papa Doc" Duvalier

Pam
    $400 13
The Mousetrap

Jonathan
    $400 7
Kent State

Jonathan
    $400 2
Bugsy

Michael
    $2,500 27
Turkey

Jonathan
    $600 24
Geriatrics

Triple Stumper
    $600 19
Stonewall Jackson

Pam
    $900 14
Captain Queeg

Jonathan
    $600 8
Northwestern

Pam
    $600 3
Showgirls

Michael
    $800 29
(J: What is Babylon?)
(M: What is Mesopotamia?)
(Alex: We were going for the country, not the city)

Babylonia

MichaelJonathan
Triple Stumper
    $800 25
Galen

Pam
    $800 20
Sir Henry Bessemer

Jonathan
    $800 15
The Front Page

Pam
    $800 9
William & Mary

Michael
    $800 4
(P: What is "Howard and Me?")

Melvin and Howard

Pam
Triple Stumper
    $1000 30
Nineveh

Triple Stumper
    $1000 26
Jaundice

Jonathan
    $1000 21
George Dewey

Pam
    $1000 16
I Remember Mama

Triple Stumper
    $1000 10
(M: What is Yale?)
(J: What is Dartmouth?)

Princeton

MichaelJonathan
Triple Stumper
    $1000 5
The Electric Horseman

Michael

Scores at the end of the Double Jeopardy! Round:

Michael Jonathan Pam
$5,000 $5,900 $6,100

[wagering suggestions for these scores]

Final Jeopardy! Round responses

TRANSPORTATION
MichaelWhat is a zeppelin?
$4,000
JonathanWhat is a zeppelin?
$4,200
PamWhat is a zeppelin?
$5,701
Zeppelin/dirigible

Final scores:

Michael Jonathan Pam
$9,000 $10,100 $11,801
3rd place: Whirlpool Dishwasher & Trash Compactor 2nd place: Trip to Hotel Melia Victoria, Palma de Majorca, Spain New champion: $11,801

Game dynamics:

Coryat scores:

Michael Jonathan Pam
$4,900 $3,700 $6,100
21 R
(including 1 DD),
3 W
13 R
(including 2 DDs),
5 W
16 R,
2 W

Combined Coryat: $14,700

The J! Archive is created by fans, for fans. The Jeopardy! game show and all elements thereof, including but not limited to copyright and trademark thereto, are the property of Jeopardy Productions, Inc. and are protected under law. This website is not affiliated with, sponsored by, or operated by Jeopardy Productions, Inc. Join the discussion at JBoard.tv.